000 00640nam a2200181 a 4500
008 081001s1993 ||||||||||||||||| || u
020 _a047022097X
050 _aTA 710 Sut
100 _aSutton, B.H.C
245 1 0 _aSolving problems in soil mechanics -- 2nd ed.
_cB.H.C. Sutton
250 _a2nd ed.
260 _aHarlow
_bLongman
_c1993
300 _av, 267p.: ill.
350 _a80000.00
650 _aSOIL MECHANICS--PROBLEMS, EXERCISES, ETC
650 _aSOILS
995 _D0.00
_FCBU-MAIN LIBRARY (Kitwe)
_H1
_I0.00
_M1
_UAVAILABLE
_WOct 1, 2008
_ZMain Library Open Access Collection
999 _c57920
_d57920